Logs̕tica empresarial Gestin̤ eficiente del flujo de suministros /

Bibliographic Details
Main Author: Vľez Maya, Tulio
Format: eBook
Language:Spanish
Published: Bogot:̀ Ediciones de la U, 2014
Subjects:
Online Access:Acceso restringido

MARC

LEADER 00000nam a22000007a 4500
005 20181129105231.0
007 cr|||| ||||
008 181129s2014 co |||||s|||| 00||0 spa d
020 |a 978-958-762-186-0 
035 |a 22122 
040 |a vLex 
090 |c 8333  |d 8333 
100 1 |a Vľez Maya, Tulio 
245 1 0 |a Logs̕tica empresarial  |h [Recurso electrn̤ico] :  |b Gestin̤ eficiente del flujo de suministros /  |c Tulio Vľez Maya  
256 |a Servicio en ln̕ea 
260 |a Bogot:̀  |b Ediciones de la U,  |c 2014 
300 |a 1 recurso electrn̤ico 
500 |a Esta obra es una actualizada, completa y seria propuesta acadm̌ica sobre el trascendental tema empresarial de la Logs̕tica. Se sustenta en tres bases sl̤idas. Parte de una comprensin̤ sistm̌ica de las organizaciones. La logs̕tica, en la empresa, es un sistema con entidad propia, con objetivos y procesos particulares, pero, a la vez, es un subsistema que interacta︢, dentro de la organizacin̤, con otros subsistemas, por la consecucin̤ de objetivos corporativos. Segundo, las organizaciones modernas tienden a ser focalizadas, dedicadas a lo que saben hacer y les da razn̤ de existir, sin distraerse en funciones que no son su core business. Esto explica y legitima el nacimiento de ml︢tiples empresas operadores logs̕ticos. Finalmente, las empresas se justifican por sus clientes, pero en el fondo de muchas reflexiones de este libro, est ̀la conviccin̤ de que la dinm̀ica empresarial actual no parte de esperar la demanda, de satisfacer necesidades, sino de la oferta, de crear situaciones, de ofrecer ms̀ calidad de vida, de escoger su propio cliente objetivo y crear la necesidad. Este cambio en la orientacin̤ de las empresas se debe al avance tecnolg̤ico imparable de la logs̕tica empresarial. 
506 1 |a Disponible solo en los productos indicados  |d vLex Global  |d vLex Global (Academic Edition, excluding Law Schools)  |d vLex Global (U.S. Academic Edition, Law Schools)  |d vLex Global (U.S. Academic Edition, excluding Law Schools)  |d vLex Global (Academic Edition, Law Schools) 
650 0 4 |a Ciencias aplicadas  |z Colombia 
740 0 |a vLex Libros (Servicio en ln̕ea) 
856 4 0 |u http://vlex.com/source/logistica-empresarial-gestion-eficiente-del-flujo-de-suministros-22122  |z Acceso restringido 
942 |c BOOK 
999 0 |a Applied Science